000 01464nam0a2200361 i 4500
001 RU\NLR\BIBL_A\010199714
005 20241105185213.0
010 _a9785444801383
_91000
021 _aRU
_b2014-3915
_9237
035 _a(NILC)RuMoRGB-006733146
035 _a(NLR Aleph) 010199714
090 _a10237240
_c10237240
100 _a20140303d2014 um y0rusy50 ca
101 0 _arus
_deng
102 _aRU
105 _aac||z|||001zy
200 1 _aГробман
_dGrobman
_fЛеля Кантор-Казовская
_zeng
210 _aМосква
_cНовое литературное обозрение
_d2014
215 _a262, [1] с., [32] л. цв. ил.
_cил., портр.
_d25
300 _aРез. на англ. яз.
320 _aСочинения и библиогр.: с. 248-255 и в подстроч. примеч.
320 _aИмен. указ.: с. 261-263
510 1 _6z48790
_aGrobman
_zeng
600 1 _aГробман
_bМ.Я.
_f1939
_gМихаил Яковлевич
_92261304
_3RU\NLR\AUTH\661355825
686 1 _aЩ143(2Р=Рус)6-8Гробман
686 1 _aШ5(2=Р)6-4Гробман
700 1 _4070
_aКантор-Казовская
_bЛ.
_gЛеля
_9138608
_3RU\NLR\AUTH\770138643
790 1 _7ba
_8rus
_aKantor-Kazovskaja
_bL.
_gLelja
_9138610
_3RU\NLR\AUTH\770138645
801 0 _aRU
_bРГБ
_c20140205
_gRCR
942 _cBOOK
980 _aNBR